|
|
|
|
| LEADER |
01974nam a2200433 i 4500 |
| 001 |
EBC4619933 |
| 003 |
MiAaPQ |
| 005 |
20200520144314.0 |
| 006 |
m o d | |
| 007 |
cr cnu|||||||| |
| 008 |
160910t20162016gw ob 000 0 eng d |
| 020 |
|
|
|z 9783847405047
|
| 020 |
|
|
|a 9783847409250 (e-book)
|
| 035 |
|
|
|a (MiAaPQ)EBC4619933
|
| 035 |
|
|
|a (Au-PeEL)EBL4619933
|
| 035 |
|
|
|a (CaPaEBR)ebr11251720
|
| 035 |
|
|
|a (OCoLC)957590196
|
| 040 |
|
|
|a MiAaPQ
|b eng
|e rda
|e pn
|c MiAaPQ
|d MiAaPQ
|
| 043 |
|
|
|a e------
|
| 050 |
|
4 |
|a LB1731
|b .E976 2016
|
| 082 |
0 |
|
|a 371.46
|2 23
|
| 245 |
0 |
0 |
|a European competence standards for the academic training of career practitioners.
|n Volume II :
|b NICE Handbook /
|c edited by Christiane Schiersmann [and seven others].
|
| 264 |
|
1 |
|a Opladen, Germany ;
|a Berlin, [Germany] ;
|a Toronto, Ontario :
|b Barbara Budrich Publishers,
|c 2016.
|
| 264 |
|
4 |
|c 2016
|
| 300 |
|
|
|a 1 online resource (136 pages)
|
| 336 |
|
|
|a text
|2 rdacontent
|
| 337 |
|
|
|a computer
|2 rdamedia
|
| 338 |
|
|
|a online resource
|2 rdacarrier
|
| 504 |
|
|
|a Includes bibliographical references.
|
| 588 |
|
|
|a Description based on online resource; title from PDF title page (ebrary, viewed September 10, 2016).
|
| 590 |
|
|
|a Electronic reproduction. Ann Arbor, MI : ProQuest, 2016. Available via World Wide Web. Access may be limited to ProQuest affiliated libraries.
|
| 650 |
|
0 |
|a Student counselors
|x Training of
|z Europe.
|
| 650 |
|
0 |
|a Vocational guidance
|z Europe.
|
| 650 |
|
0 |
|a Vocational education
|z Europe.
|
| 655 |
|
4 |
|a Electronic books.
|
| 700 |
1 |
|
|a Schiersmann, Christiane,
|e editor.
|
| 776 |
0 |
8 |
|i Print version:
|t European competence standards for the academic training of career practitioners. Volume II.
|d Opladen, Germany ; Berlin, [Germany] ; Toronto, Ontario : Barbara Budrich Publishers, c2016
|h 124 pages
|z 9783847405047
|
| 797 |
2 |
|
|a ProQuest (Firm)
|
| 856 |
4 |
0 |
|u https://ebookcentral.proquest.com/lib/matrademy/detail.action?docID=4619933
|z Click to View
|